| 000 | 01353 a2200229 4500 | ||
|---|---|---|---|
| 001 | 49410 | ||
| 005 | 20260407155757.0 | ||
| 008 | 260407a2019 arg spa d | ||
| 003 | AR-UNSa-BCEJYS | ||
| 040 |
_aAR-UNSa-BCEJYS _bspa _cAR-UNSa-BCEJYS |
||
| 080 |
_a351.72 _xFinanzas públicas. Legislación (Contabilidad Pública, Administración financiera...) |
||
| 245 | 1 | 0 |
_aContabilidad. Sector público _pMucho por hacer. Panorama global |
| 020 | _a978-987-716-098-7 | ||
| 264 | 1 |
_aBuenos Aires : _bOsmar D. Buyatti _c2019 |
|
| 300 |
_a295 p. _c22 cm. |
||
| 505 | _a1. Concepto y generalidades de la contabilidad pública - 2. Evolución de la contabilidad pública - 3. Evolución histórica en Argentina - 4. Relaciones con otras disciplinas científicas - 5. La F.A.C.P.C.E. y las normas contables argentinas - 6. Ley de contabilidad pública en la República Argentina. Sistema de contabilidad gubernamental- Argentina - 7. Provincia de Santa Fe. República Argentina. Ley de Contabilidad - 8. Las Normas Internacionales de Contabilidad Pública NIIF-IRSF. Marco conceptual. La tendencia global - 9. Entidad que informa | ||
| 041 | _aspa | ||
| 942 | _cBK | ||
| 590 | _aniveau_biblio:m niveau_hierar:0 | ||
| 100 | 1 | _aLang, Víctor Manuel | |
| 856 | 4 | 1 |
_uhttps://www.biblioeco.unsa.edu.ar/pmb/images/libros/L128076.jpg _yImagen de portada _qimage/jpeg |
| 999 |
_c4828 _d4828 |
||